Le nom des 48 rois de france - Statistiques

Statistiques générales
  • Ce quiz a été pris 641 fois
  • Le résultat moyen est 22 sur 48
Statistiques - réponses
Numéro Roi % Correct
19 Louis X
85%
28 Louis XI
78%
39 Louis XV
76%
40 Louis XVI
73%
30 Louis XII
71%
38 Louis XIV
71%
37 Louis XIII
67%
41 Louis XVII
65%
32 Henri II
63%
36 Henri IV
63%
16 Louis IX
61%
12 Louis VI
60%
6 Charlemagne
59%
43 Louis XVIII
59%
44 Charles X
58%
35 Henri III
58%
25 Charles V
57%
13 Louis VII
55%
26 Charles VI
54%
34 Charles IX
52%
27 Charles VII
52%
15 Louis VIII
51%
29 Charles VIII
48%
22 Charles IV
46%
14 Philippe II
46%
31 François Ier
45%
33 François II
44%
8 Hugues Capet
42%
17 Philippe III
40%
18 Philippe IV
40%
21 Philippe V
39%
2 Clovis Ier
36%
48 Napoléon III
36%
23 Philippe VI
36%
24 Jean II
35%
10 Henri Ier
32%
47 Louis-Philippe Ier
32%
4 Pépin le bref
32%
46 Henri "V"
30%
42 Napoléon Ier
30%
11 Philippe Ier
29%
20 Jean Ier
28%
45 Louis "XIX"
23%
1 Mérovée
23%
9 Robert II
23%
3 Dagobert Ier
16%
5 Carloman Ier
7%
7 Louis premier
5%
Aucun quiz correspondant
Distribution des résultats
% des personnes avec chaque résultat
Percentile par nombre de réponses
Votre historique - résultats
Vous n’avez pas pris ce quiz